The elements of land surveying (Record no. 113636)

MARC details
000 -LEADER
fixed length control field 00625cam a22001935a 4500
001 - CONTROL NUMBER
control field L155526
008 - FIXED-LENGTH DATA ELEMENTS--GENERAL INFORMATION
fixed length control field 120327s1814 xxk f 000 0 eng d
035 ## - SYSTEM CONTROL NUMBER
System control number (Sirsi) u155526
041 0# - LANGUAGE CODE
Language code of text/sound track or separate title eng
100 1# - MAIN ENTRY--PERSONAL NAME
Personal name Crocker, Abraham
245 04 - TITLE STATEMENT
Title The elements of land surveying
Remainder of title designed principally for the use of schools and students
250 ## - EDITION STATEMENT
Edition statement 3rd ed.
260 ## - PUBLICATION, DISTRIBUTION, ETC.
Place of publication, distribution, etc. London
Name of publisher, distributor, etc. Longman
Date of publication, distribution, etc. 1814
300 ## - PHYSICAL DESCRIPTION
Extent xii, 303 p.,[10] leaves of plates, [1] folded and in colour
Other physical details ill.
Dimensions 18 cm.
583 ## - ACTION NOTE
Action Condition reviewed
Time/date of action 20120620
Status condition level 1
651 #4 - SUBJECT ADDED ENTRY--GEOGRAPHIC NAME
Geographic name Great Britain
Chronological subdivision 1707-
690 ## - LOCAL SUBJECT ADDED ENTRY--TOPICAL TERM (OCLC, RLIN)
Topical term or geographic name as entry element Measurement
9 (RLIN) 6256
942 ## - ADDED ENTRY ELEMENTS (KOHA)
Suppress in OPAC 0
Holdings
Withdrawn status Lost status Source of classification or shelving scheme Damaged status Not for loan Home library Current library Shelving location Date acquired Total Checkouts Full call number Barcode Date last seen Copy number Price effective from Koha item type
    Dewey Decimal Classification     Historic collection Historic collection Historic collection 27/03/2012   OCTAVO 1814 CROCKER 30077822 06/08/2019 1 06/08/2019 Book